| 000 | 00476nam a2200181Ia 4500 | ||
|---|---|---|---|
| 001 | 2248 | ||
| 005 | 20260306143828.0 | ||
| 008 | 260306t2005||||xx |||||||||||||| ||spa|| | ||
| 041 | _aESP | ||
| 082 |
_a616.8 _bP78 |
||
| 100 |
_aPortellano Pérez, José Antonio _eAUT |
||
| 245 | 0 | _aIntroducción a la neuropsicología | |
| 260 | _c2005 | ||
| 300 |
_axxi, 386 páginas, 7 páginas de láminas a color : _ccm. |
||
| 650 | _aGEN | ||
| 654 | _aCPS | ||
| 942 |
_cLIB _dJUS _fJUS _2ddc _n |
||
| 999 |
_c2248 _d2248 |
||